[Event "EU ch tm Seniors 65+Swidnica"]
[Site "LSS email"]
[Date "2023.07.16"]
[Round "5.1"]
[White "Van Kemenade, R.."]
[Black "Freeman, Richard"]
[Result "1/2-1/2"]
[WhiteElo "1934"]
[BlackElo "1987"]
[Annotator "Kemenade"]
[PlyCount "129"]
[EventDate "2007.10.01"]
[EventType "tourn (corr)"]
[EventRounds "6"]
[EventCountry "GER"]

{[%evp 0,15,19,-29,-4,-25,18,-39,-43,-43,-15,-37,-24,-20,-24,-11,4,-69]} 1. f4 g6 2. Nf3 Bg7 3. g3 d5 4. Bg2 c5 5. d3 Nc6 6. Nc3 (6. O-O Nf6 (6... e5 7. fxe5 Nxe5 8. Nxe5 Bxe5 9. Nc3 Ne7 10. e4 {0-2 others})) 6... Nf6 7. O-O b6 (7... O-O) 8. h3 (8. Ne5 Bb7 9. e4 Nd4 10. f5 O-O $17 {Becx-Plachetka, Politiken cup, Copenhagen 1987,0-1}) (8. e4 {main} dxe4 9. dxe4 Ba6 10. e5 Bxf1 11. exf6 Qxd1 12. Nxd1 Bxg2 13. fxg7 Rg8 14. Kxg2 $16 {Liebert-Fuchs-Bad Salzungen 1960,1-0}) 8... O-O (8... d4 {KD3.2}) 9. e4 dxe4 10. dxe4 Ba6 (10... Nh5 11. Qxd8 (11. g4) 11... Rxd8 12. Kh2 e5 13. Nd5 $11 {Gretencord-Ulrich, LSS 2007,1-0}) 11. Qxd8 (11. Re1 Qc7 $11 {others 1.5-0.5}) 11... Raxd8 12. Rf2 e5 (12... Nh5 13. Kh2 e5 14. f5 Nd4 15. g4 (15. Bg5 $11 {KD3.2}) 15... Nf4 {Stolz-Neef,Oberliga Ost 2013,0-1}) 13. f5 (13. Nxe5 Nxe5 14. fxe5 Nd7 15. Bg5 Rb8 16. Rd1 Rb7 (16... Nxe5 17. Nd5 Kh8 18. b3 $11) 17. Nd5 Bxe5 18. Bf4 Re8 19. b3 $11 {KD3.2}) 13... Nd4 (13... gxf5 14. exf5 e4 15. Ng5 Rfe8 16. Ngxe4 Nxe4 17. Nxe4 Rd1+ (17... Bd4 18. Bg5) 18. Kh2 Bd4 19. Rd2 Re1 20. Rxd4 Nxd4 21. Nf6+ Kg7 22. Nxe8+ Rxe8 23. Bf4 Re2 24. Kh1 Rxc2 25. Rd1 $11 {KD3.2}) 14. g4 (14. fxg6 fxg6 15. Bg5 h6 16. Bxf6 Bxf6 17. Re1 Bc4 18. Nd5 Kg7 $11 {KD3.2}) (14. Bg5 $11 {KD3.2}) 14... gxf5 15. exf5 Nxf3+ (15... Rfe8 16. Bg5 e4 17. Nxd4 e3 18. Nc6 exf2+ 19. Kxf2 Rd7 20. Bf4 b5 21. a3 Bb7 $15 {KD3.2}) 16. Bxf3 e4 17. Bg2 (17. Be2 e3 (17... Bxe2 18. Rxe2 Rfe8 19. Bg5 h6 20. Bh4 $16 {KD3.2}) 18. Bxe3 Rfe8 19. Bf4 Bxe2 20. Rxe2 Rxe2 21. Nxe2 Nd5 22. Rd1 Bxb2 23. Bg5 Re8 24. Kf2 Nb4 25. c3 h6 26. Bf6 c4 27. Nf4 Nxa2 28. Nd5 $16 {KD3.2}) 17... Rfe8 (17... h5 18. gxh5 (18. g5 Nd5 19. Nxd5 Rxd5 20. f6 Rd1+ 21. Kh2 e3 22. fxg7 Re8 23. Bxe3 Rxa1 24. g6 Bc4 25. Bh6 Rae1 26. b3 Be6 27. Bd2 Rb1 28. Bh6 $11 {KD3.2}) 18... Nxh5 19. Bg5 Bxc3 20. bxc3 f6 21. Be3 Rfe8 {KD3.2}) (17... Nxg4 18. hxg4 Bxc3 (18... Bd4 19. Nxe4 $18) 19. bxc3 Rd1+ 20. Rf1 (20. Kh2 e3 21. Bxe3 Rxa1 22. Bh6 Re8 23. Rd2 Bc4 $17) 20... Bxf1 21. Bxf1 Rfd8 22. Kf2 e3+ 23. Ke2 R8d2+ 24. Bxd2 Rxa1 25. Bxe3 Rxa2 26. Kd2 Ra1 27. Bc4 $11 {KD3.2}) 18. Be3 h6 (18... h5 19. g5 Nd5 20. Nxd5 Rxd5 21. f6 Bf8 22. Rd2 $11 {KD3.2}) 19. Re1 (19. Bf1 Bb7 (19... Bxf1 20. Kxf1) 20. Bb5 Re7 21. Re1 $11 {KD3.2}) 19... Bb7 20. Rd2 (20. a4 {considered} Nh7 $11) 20... Nd5 (20... Rxd2 21. Bxd2 Bc6 $14) 21. Nxd5 (21. Red1 {seen by Bl after move played} Bxc3 {pm analysis} 22. bxc3 b5 23. Bxh6 $18 {KD3.2} Bc6 24. Kf2 Rd7 25. Kg3) 21... Rxd5 22. Rxd5 Bxd5 23. c3 Bxa2 (23... Bc4 24. Kf2 Bd3 $11 {KD3.2}) 24. Ra1 Bd5 (24... Bb3 25. Ra3 Bc2 26. Rxa7 Rd8 $11 {KD3.2}) 25. Rxa7 $16 Ra8 26. Rxa8+ $16 (26. Rd7 {pm analysis} Bc4 {KD3.2} (26... Ra1+ 27. Kf2 Ba8 28. Rd6 (28. Rd8+ {KD3.2} Kh7 (28... Bf8 29. Kg3 Kg7 30. f6+ $18) 29. f6 Bxf6 30. Rxa8 $1 $18 {KD3.2}) 28... Ra2 29. f6 $1 $18 {Lee} Rxb2+ 30. Kg3 Bh8 31. Bxh6 (31. Rd8+ Kh7 32. Rxa8 Bxf6 33. Bxe4+ $18)) 27. Bf4 Bd3 28. Rd6 Re8 29. Kf2 (29. Rxb6 Be5 30. Bxh6 Ra8 $11) 29... b5 30. h4 (30. f6 Bf8 31. Rb6 b4 32. h4 bxc3 33. bxc3 c4 $11 {KD3.2}) 30... h5 31. Bh3 (31. g5 e3+ 32. Bxe3 Bxf5 33. Bf3 b4 34. Rd5 Be6 35. Rxc5 bxc3 36. bxc3 Rb8 37. Bd2 $16) 31... hxg4 32. Bxg4 Bf8 33. Rc6 b4 34. f6 bxc3 35. bxc3 Rd8 36. Rc7 $16 {KD3.2}) 26... Bxa8 27. Bf4 (27. Kf2 $16 {KD3.2- suggested in pm analysis} Bd5 28. Bf4 b5 29. Ke3 b4 30. Bxe4 Ba2 (30... Bxe4 31. Kxe4 bxc3 32. bxc3 Bxc3 33. Bxh6 $18 {KD3.2- thought most likely in pm analysis,}) 31. Kd2 bxc3+ 32. bxc3 f6 33. Kd3 Bf8 34. Bc6 Kg7 35. Bf3 $16 {the extra Q side pawn tips the balance}) 27... b5 $11 28. Bd6 (28. Bf1 b4 29. Bc4 bxc3 30. bxc3 Bxc3 31. Bxh6 Bd4+ 32. Kf1 Bc6 $11 {KD3.2} 33. Ke2 Kh7 34. Be3 f6 $11) (28. Bd2 {trying to keep a q side pawn} b4 29. Bf1 e3 30. Be1 bxc3 31. bxc3 Bf3 32. Bg2 Be2 33. Bf1 Bf3 $11 {KD3.2}) 28... b4 29. Bxc5 bxc3 30. bxc3 Bxc3 31. Kf1 (31. Kf2 {pm analysis} Bf6 {KD3.2} (31... Kg7 32. Ke3 Bd2+ $1 33. Kxd2 e3+ 34. Kxe3 Bxg2 $11 {KD3.2}) 32. Ke3 Bg5+ 33. Kd4 Bh4 34. Bxe4 Bf2+ 35. Ke5 Bg3+ (35... Bxc5 36. Bxa8 Be3 $11) 36. Kd4 Bf2+ $11 {KD3.2}) 31... Kg7 32. Ke2 Kf6 (32... Bf6) 33. Ke3 Ke5 34. Ba7 h5 (34... Bd2+ 35. Kxd2 e3+ 36. Kxe3 Bxg2 $11 {KD3.2}) 35. Bb8+ Kf6 36. Bxe4 Bxe4 (36... hxg4 37. Bxa8 Kxf5 (37... gxh3 38. Kf4 $18) 38. h4 $18) 37. Kxe4 hxg4 38. hxg4 Kg5 39. Kf3 Bd2 40. Bd6 Bc1 41. Be7+ f6 42. Kg3 Bf4+ 43. Kh3 Be5 44. Bb4 Bf4 45. Bc3 Be3 46. Be1 Kh6 (46... Kf4 {also draws}) (46... Bc1 47. Bh4+ $18) (46... Bd4 47. Bd2+ Be3 48. Bxe3# {embarassing}) 47. Bh4 Kg7 48. Kg3 Kf7 {guards against K entry from both sides} 49. Kf3 Bd4 50. Bg3 Bc3 51. Bd6 Bd2 52. Bf4 Bc3 53. Ke4 Bb2 54. Kd5 Bc3 55. Be3 Be1 56. Ke4 Bc3 57. Kf3 Bb4 58. Kg3 Be1+ 59. Bf2 Bc3 60. Kh4 Bd2 61. Kh5 Bf4 62. Bh4 Bd2 63. g5 fxg5 64. Bxg5 Bc3 (64... Bxg5 65. Kxg5 Kg7 $11) 65. f6 {[draw?]} 1/2-1/2

[Event "EU ch tm Seniors 65+, Swidnica"]
[Site "?"]
[Date "2023.07.17"]
[Round "6.1"]
[White "Van Kemenade, R.."]
[Black "Thuesen, Mogens"]
[Result "0-1"]
[WhiteElo "1934"]
[BlackElo "2094"]
[Annotator "Kemenade"]
[PlyCount "88"]
[EventDate "2023.07.17"]

1. e4 d5 {[%emt 0:00:01] Bl had prepared only against f4} 2. Nf3 dxe4 3. Ng5 Nf6 4. Bc4 e6 5. Nc3 a6 6. a4 c5 {entering a Budapest (reversed) one move down, & with a6 not the most useful} 7. O-O Be7 8. Re1 (8. Ngxe4 {others 0-2-1}) 8... Nc6 9. Ncxe4 Nxe4 10. Nxe4 O-O 11. Ra3 Qd4 (11... Qc7 {vk 1-1}) (11... e5 {vk 1-0}) 12. Ba2 f5 13. Rd3 (13. Ng3 c4 14. Ne2 Qf6 15. Rg3 f4 16. Rf3 g5 17. Bxc4 Ne5 18. Rc3 Bb4 19. Rb3 Be7 20. Rc3 Bb4 21. Rb3 $11 {KD3.2}) 13... Qxa4 14. Nc3 Qh4 (14... Qg4 15. Ne2 f4 16. h3 Qg5 17. Rf3 Ne5 18. Rxf4 Rxf4 19. Nxf4 Qxf4 20. d4 Qxd4 21. Qxd4 Nf3+ 22. gxf3 cxd4 23. Bf4 Bf6 24. Be5 Bxe5 25. Rxe5 Bd7 $17) 15. Bxe6+ (15. Rh3 Qg4 16. Ne2 $11 {KD3.2}) 15... Bxe6 16. Rxe6 Nd4 $2 (16... Rad8) 17. Rh3 $2 (17. g3 $18 {realised during the game} Qg5 18. h4 $18) 17... Qxh3 (17... Nxe6 18. Rxh4 Bxh4 19. d3 $14 {expected by Wh}) 18. gxh3 Nxe6 19. Qe2 (19. Qf3 {pm analysis, gives the Q a bit more activity}) 19... Rf6 20. Nd5 Rg6+ 21. Kf1 Bd6 22. f4 (22. h4 Re8 23. h5 Rg4 24. Ne3 Ra4 25. Qd3 Ra1 26. Qxd6 f4 27. Qd7 Kf8 28. Qd6+ Kg8 29. Qd7 Kf8 $11 {KD3.2}) 22... b5 (22... Nd4 23. Qc4 Kh8 24. b4 b5 25. Qd3 Re8 $15 {KD3.2}) 23. Qf3 (23. d3) 23... Re8 24. c3 c4 25. d4 cxd3 26. Qxd3 (26. b4 Nc5 27. bxc5 Bxc5 28. Be3 d2 $19 {KD3.2}) 26... Bc5 27. Be3 Bxe3 28. Qxe3 Nc7 29. Qc5 Nxd5 30. Qxd5+ Kh8 $19 31. Qf7 (31. Kf2 Rge6 32. Qxf5 Re2+ 33. Kg3 Rxb2 $19 {KD3.2}) 31... Rg8 (31... Rd8) 32. Kf2 {[Draw?]} (32. Qxf5 Rf6 33. Qe5 Rgf8 34. Ke2 Rxf4 $19) 32... Rf6 33. Qd7 h6 34. Kf3 Kh7 35. h4 Rb8 36. h5 Rbb6 37. b4 (37. Qd2 Rbd6 38. Qe3 Rd5 39. b4 Rfd6 $17 {KD3.2}) 37... Rbd6 $19 38. Qe8 Rd3+ 39. Ke2 Rxc3 40. Qe7 Rc2+ (40... Rfc6 41. Qe5 Rc2+ 42. Kd3 Rc8 43. Qxf5+ Kh8 44. Qd7 R2c3+ 45. Kd2 R3c7 46. Qe6 Rf8 47. Qxa6 Rxf4 48. Qxb5 Rf8 $19 {Kd3.2}) 41. Kf3 Rxh2 42. Qe8 (42. Ke3 Rxh5 43. Kd4 Rh1 $19) 42... Rb2 (42... Rd6) 43. Qe1 Rd6 44. Qh4 Rd3# 0-1

[Event "EU ch tm Seniors 65+"]
[Site "?"]
[Date "2023.07.18"]
[Round "7.1"]
[White "Grossmann, Ryszard"]
[Black "Van Kemenade, R.."]
[Result "0-1"]
[WhiteElo "1904"]
[BlackElo "1934"]
[Annotator "Kemenade"]
[PlyCount "116"]
[EventDate "2023.07.18"]

1. c4 {[FM]} e5 2. Nc3 Nc6 3. g3 f5 4. Bg2 Nf6 5. e3 d6 (5... d5 {main, 48% for Wh}) 6. Nge2 h6 {6-1-8 vk; others 2-1} (6... g6) (6... Be7 {main}) 7. h4 g6 8. d3 (8. d4 e4 9. Nf4 Ne7 {1-1 vk}) 8... Bg7 9. Rb1 a5 10. a3 O-O (10... Be6 11. b4 axb4 12. axb4 Qd7 13. b5 Nd8 14. e4 O-O $11 {Rasulov-Tomb, titled Tuesday blitz 2020,1-0}) 11. b4 (11. Nd5 Ne7 12. Nxf6+ Bxf6 13. d4 Kh7 14. b3 c6 $11 {Kholmirzaev-Galyamov, Central Asia Cup, Tashkent 2011,1-0}) 11... axb4 12. axb4 Ne7 $11 13. Nd5 c6 (13... Nexd5 14. cxd5 Bd7 15. b5 Ra5 16. b6 cxb6 $17 {KD3.2}) 14. Nxf6+ Bxf6 15. Bb2 Be6 16. O-O g5 17. hxg5 hxg5 18. f4 (18. Qd2 Rf7 $11 {KD3.2}) 18... Ng6 (18... Rf7 19. Qd2 Ng6 $15 {KD3.2}) 19. Qc2 (19. Qd2 Rf7 20. Rf2 Qf8 21. Bc3 Qh6 22. b5 Bd7 $11 {KD3.2}) 19... Qd7 (19... Qb6 20. c5 Qc7 21. b5 d5 22. Ra1 Rxa1 23. Bxa1 Qe7 $15 {KD3.2}) 20. Ra1 Qc7 (20... Rae8 21. Ra7 Qc7 22. Rfa1 Rb8 $11 {KD3.2}) 21. c5 (21. Rxa8 Rxa8 22. fxe5 dxe5 23. Bh3 Ne7 $11 {KD3.2}) 21... d5 22. d4 (22. Rxa8 Rxa8 23. e4 $11 {KD3.2}) 22... Rxa1 23. Bxa1 gxf4 (23... e4 $15 {considered, but position gets very blocked} 24. Bc3 Qg7 25. Ra1 gxf4 26. Nxf4 Nxf4 27. gxf4 Bf7 28. Ra7 Bh5 29. b5 Be8 $15 {KD3.2}) (23... exf4 24. exf4 (24. gxf4 Qg7 25. Kf2 gxf4 26. exf4 Bh4+ 27. Kg1 Kf7 28. Qd3 Rg8 29. Qh3 Bf6 30. Kf2 Rh8 31. Qf3 Ra8 $17 {KD3.2}) 24... gxf4 25. Nxf4 Nxf4 26. gxf4 Qg7 27. Qd3 Kf7 28. Rf2 Rg8 29. Qe3 Re8 30. Kf1 Bc8 31. Qf3 Qh6 $17 {KD3.2}) 24. dxe5 Bxe5 (24... f3 25. Bxf3 (25. exf6 fxe2 26. Qxe2 Qxg3 27. Rf3 Qg4 28. Qf2 Kf7 $11 {KD3.2}) 25... Bxe5 26. Bxe5 Nxe5 27. Nd4 Bc8 28. Qh2 $11 {KD3.2}) (24... Nxe5 25. Nxf4 Bc8 26. Bd4 Ng4 27. Qd2 Bxd4 28. exd4 Qg7 29. Bf3 Nf6 $11 {KD3.2}) 25. exf4 Bxa1 26. Rxa1 Qg7 27. Rd1 (27. Ra7 Bc8 28. b5 Qe7 29. Bf3 Qe3+ 30. Kg2 Ne7 31. b6 $16 {KD3.2}) 27... Bd7 28. Nd4 Ne7 $14 (28... Re8 29. Kf2 Nf8 30. Qb1 Qh8 31. Qa2 $14 {KD3.2}) 29. Kf2 Ra8 (29... Rf6 30. Qa2 Rg6 31. Qa8+ Bc8 32. Qa3 $14 {KD3.2 the R achieves little}) 30. Rd2 (30. Nf3 Ra3 31. Rd3 Ra8 32. Re3 Kf8 $14 {KD3.2}) 30... Ra3 (30... Kf8 31. Bf3 Qh7 32. Kg2 Ng8 33. Bg4 Nh6 34. Bh3 Ra3 35. Rd3 Ra1 36. Rd1 $11 {KD3.2}) 31. Rd3 Ra1 32. Qd2 (32. Rd1 Ra3 33. Rd3 $11) 32... Be8 (32... Kf8 33. Qb2 Ra8 $11 {KD3.2}) 33. Re3 Bh5 34. Re5 Bg4 35. Qe3 Ng6 $11 36. Re8+ (36. Nxf5 Ra2+ 37. Kg1 Bxf5 38. Rxf5 Rxg2+ 39. Kf1 (39. Kxg2 Nh4+ 40. Kf2 Nxf5 $19) 39... Qd7 40. Rg5 Ra2 41. Kg1 $11 (41. Rxg6+ Kf7 42. Rh6 Qf5 (42... Qg4 43. Qd3 $11) 43. g4 Qb1+ 44. Qe1 Qd3+ 45. Kg1 Qd4+ 46. Kh1 Ra1 $19 {KD3.2})) 36... Kh7 37. Qd2 $2 (37. Re6 Rb1 38. b5 $11 {KD3.2}) 37... Rd1 $19 38. Qe3 (38. Qxd1 Bxd1 39. Nxf5 Qc3 40. Ne3 Bh5 $19) 38... Qxd4 (38... Rxd4 $1 {KD3.2} 39. Bf3 Bxf3 40. Qxf3 Rd2+ 41. Kf1 Rh2 42. Kg1 Rh3 43. Kf1 Qb2 44. Re2 Qb1+ 45. Re1 Qxb4 $19) 39. Qxd4 Rxd4 40. b5 Rd2+ 41. Kf1 Rc2 (41... cxb5 42. Rb8 d4 43. Rxb7+ Kh6 44. Bd5 d3 45. Bg8 Nf8 46. Rb8 Rb2 47. Rd8 d2 48. Bb3 Ng6 $19 (48... Rxb3 49. Rxd2 Rxg3 $19)) (41... Rb2 42. bxc6 bxc6 43. Rc8 Rc2 44. Rxc6 d4 45. Rd6 d3 46. Bd5 d2 47. Bb3 d1=Q+ 48. Rxd1 Bxd1 49. Ke1 Rxc5 50. Bxd1 Rc1 51. Kd2 Rxd1+ 52. Kxd1 Kh6 $19 {KD3.2}) 42. b6 Be2+ $2 {Bl had been distracted & misplayed} (42... Kg7 43. Rb8 Be2+ 44. Ke1 Ba6 $19 {KD3.2}) (42... Rxc5 43. Rb8 Rc1+ 44. Kf2 Rc2+ 45. Kg1 Rb2 46. Rxb7+ Kh6 47. Bf1 Bf3 48. Rb8 c5 49. Ba6 d4 50. b7 Kh5 51. Kf1 Kg4 $19 {KD3.2}) 43. Rxe2 $11 Rxc5 44. Bh3 Kg7 45. Bxf5 Rb5 46. Kf2 Rxb6 47. Kf3 (47. Re6 Nf8 48. Re5 Rb2+ 49. Kf3 Rb3+ 50. Kf2 $11 (50. Kg4 b5 $15 {KD3.2})) 47... Kf6 (47... c5 48. Be6 d4 49. Bd5 Rb1 50. Re6 d3 51. Ke3 Rg1 52. Kxd3 Rxg3+ 53. Ke4 Rg1 54. Kf5 (54. Bxb7 Re1+ $19 55. Kf5 Nh4+ 56. Kg5 Rxe6 57. Kxh4 Kf6 $19) 54... Nh4+ 55. Ke5 Re1+ 56. Kd6 Rxe6+ 57. Bxe6 (57. Kxe6 b5 58. f5 c4 59. f6+ Kf8 60. Be4 b4 61. Kd5 c3 62. Bc2 $11 {KD3.2})) 48. Kg4 (48. Bxg6 Kxg6 49. Re6+ Kf7 50. f5 Rb1 51. g4 Rf1+ 52. Kg2 Rf4 53. Kg3 Re4 54. Rh6 c5 55. Rh7+ Kf6 56. Rxb7 $11 {KD3.2}) 48... Nf8 (48... c5 $15 49. Rh2 (49. Bxg6 Kxg6 50. Re5 c4 51. Rxd5 c3 52. Rd1 c2 53. Rc1 Rc6 $19 54. Kf3 b5 55. Ke2 b4 56. Kd3 b3 57. Kd2 b2 58. Rxc2 Rd6+ 59. Ke2 b1=Q $19) 49... Kg7 50. Bc2 Nf8 51. Rd2 Rd6 52. Kf5 Nd7 53. Bd3 Rf6+ 54. Kg4 Nb6 55. Kf3 Rd6 56. g4 c4 57. Bc2 d4 58. Be4 d3 $19 {KD3.2}) 49. Re8 Kf7 50. Re1 (50. Rb8 $11 {KD3.2}) 50... Rb3 (50... c5 $17 51. Ra1 Ne6 52. Rd1 Rd6 53. Rb1 b6 54. Bd3 c4 $19 {KD3.2}) 51. Rg1 $2 (51. Bc8 d4 52. Bf5 c5 53. Be4 Kf6 54. Bd5 Rb4 55. Re8 Nd7 56. Be6 Nb6 57. Kf3 d3 58. g4 Rd4 59. g5+ Kg7 60. Rg8+ Kh7 61. g6+ Kh6 62. Bf5 d2 63. Rh8+ Kg7 64. Rh7+ Kf8 65. Rh8+ Ke7 66. Bc2 d1=Q+ 67. Bxd1 Rxd1 68. g7 Rg1 69. g8=Q Rxg8 70. Rxg8 $11 {KD3.2}) 51... c5 52. Kh5 (52. Bb1 c4 $17) 52... d4 $19 (52... Kf6 53. Kg4 (53. g4 Rh3#) 53... d4 $19) 53. g4 Rh3+ (53... Kf6) 54. Kg5 c4 $19 (54... d3 $19) 55. Rd1 (55. Rb1 Ne6+ $1 56. Bxe6+ Kxe6 57. f5+ (57. Rxb7 d3 $19) 57... Kd5 58. Rxb7 d3 $19 {KD3.2}) 55... d3 56. Rb1 c3 (56... Ne6+ $1) 57. Rxb7+ Kg8 (57... Ke8 $1 {KD3.2} 58. Kf6 Rh6+ 59. Ke5 c2 60. Rc7 Rh1 61. Rc8+ Kf7 62. Rc7+ Kg8 63. Bxd3 c1=Q 64. Rxc1 Rxc1 $19 {Syzygy tables}) 58. Rc7 (58. Rb3 c2 (58... d2 59. Bc2 Ne6+ (59... Kf7 60. f5 $11) 60. Kf6 Nd4 $2 61. Rb8#) 59. Rc3 d2 $19 {KD3.2}) (58. Kf6 Rh6+ 59. Kg5 c2 $19 {KD3.2}) (58. Rb8 c2 59. Rc8 Rh1 60. Kf6 c1=Q 61. Be6+ Kh7 62. Bf5+ Kh6 63. g5+ Kh5 $19 {KD3.2 All these variations were tested in the pm analysis}) (58. Bxd3 Rxd3 59. Kf5 Re3 (59... Rd5+ 60. Ke4 Rc5 61. Rb1 Ne6 62. Rc1 Nc7 63. Kd3 Nb5 64. g5 Kf7 65. Kc2 Kg6 66. Rd1 Rc6 67. Rf1 Nd4+ 68. Kd3 c2 69. Rc1 Rd6 70. Ke4 Rd7 71. Ra1 Nf5 72. Rc1 Rd4+ 73. Ke5 Rd1 74. Rxc2 Re1+ 75. Kd5 Ne3+ {KD3.2}) 60. Rc7 Ne6 61. Rc4 Kf7 62. g5 c2 63. Kg4 Nd4 64. f5 Re1 $19) 58... d2 0-1

[Event "European Senior Team Chess Championship"]
[Site "Chess.com"]
[Date "2023.07.19"]
[Round "8"]
[White "Mikkelsen, Peter Jorgen Dam"]
[Black "Van Kemenade, Rudy"]
[Result "1-0"]
[WhiteElo "2116"]
[BlackElo "1934"]
[Annotator "Kemenade"]
[PlyCount "113"]
[EventDate "2023.??.??"]
[TimeControl "5400+30"]

{[%evp 0,113,29,21,29,-23,14,14,24,4,1,16,2,2,2,-29,-26,-31,-6,-27,5,11,80,83,96,48,44,42,43,37,35,-5,-5,-39,-2,-40,-5,-36,-31,-40,-37,-42,-46,-54,-52,-60,-52,-56,-60,-66,-57,-65,-59,-65,-59,-60,-63,-67,-58,-62,-48,-46,-47,-61,-45,-54,27,35,34,35,18,-6,21,24,5,0,21,42,90,88,88,88,100,104,201,224,146,84,106,107,116,105,122,103,124,137,295,292,292,277,350,375,392,465,524,468,480,406,492,621,621,611,29997,29998,29999,-30000]} 1. Nf3 {[%emt 0:00:05]} Nf6 {[%emt 0:00:13]} 2. g3 {[%emt 0:00:07]} g6 {[%emt 0:00:04]} 3. Bg2 {[%emt 0:00:11]} Bg7 {[%emt 0:00:08]} 4. d3 {[%emt 0:00:07]} d6 {[%emt 0:00:06]} 5. O-O {[%emt 0:00:38]} O-O {[%emt 0:00:06]} 6. e4 {[%emt 0:00:21]} e5 {[%emt 0:00:14]} (6... c5 {main}) 7. c3 {[%emt 0:01:02]} Nc6 {[%emt 0:00:06]} 8. Nbd2 {[%emt 0:01:45]} h6 {[%emt 0:00:53]} (8... Nh5 {main, 49% for Wh} 9. Nc4 Be6 {3 wins each}) 9. Re1 {[%emt 0:02:00] main, though Wh was unhappy with this move in pm analysis} Ne8 {[%emt 0:00:36]} (9... Nh7 {3-2-4}) 10. Nc4 {[%emt 0:10:21]} (10. b4 a6 11. a4 f5 12. Nh4 Rf6 13. exf5 g5 14. Bd5+ Kh7 15. Nhf3 Bxf5 16. Ne4 $16 {Topic-Zupancic, SLO op, Ljubljana 2014,0-1}) 10... f5 {[%emt 0:01:28]} (10... Ne7 11. d4 exd4 12. cxd4 d5 13. exd5 Nxd5 14. Nfe5 $14 {Van der Weide-Webbink, NED ch tm 1994,1-0}) 11. exf5 {[%emt 0:00:29]} gxf5 {[%emt 0:00:55]} 12. Qe2 {[%emt 0:05:20]} (12. d4 e4 13. Nh4 Ne7 14. Bf4 $16 {KD3.2}) 12... Ne7 {[%emt 0:00:39]} (12... e4 13. dxe4 fxe4 14. Nh4 d5 15. Ne3 Ne5 16. Nxd5 Qxd5 17. Bxe4 Qd8 18. Bf4 Rxf4 19. gxf4 Qxh4 20. fxe5 c6 21. Qc4+ Kh8 22. Qf7 Qg5+ 23. Kh1 Bg4 24. Qxb7 $16 {KD3.2}) 13. d4 {[%emt 0:02:53]} (13. Nh4 $16 {Rudy & KD3.2}) 13... e4 {[%emt 0:00:17]} 14. Nfd2 {[%emt 0:00:29]} (14. Nh4 b5 15. Ne3 d5 $14 {KD3.2} 16. Qxb5 c6 17. Qe2 Bf6 $15) 14... Ng6 $15 {[%emt 0:00:43]} 15. f4 {[%emt 0:02:06]} Nf6 $17 {[%emt 0:02:19]} 16. a4 {[%emt 0:02:49]} h5 {[%emt 0:00:47]} 17. h4 {[%emt 0:01:03]} Ng4 $15 {[%emt 0:00:23] [draw?]} 18. Nf1 {[%emt 0:01:30]} Be6 {[%emt 0:01:04]} 19. Nce3 {[%emt 0:00:34]} d5 {[%emt 0:00:17]} 20. Nxg4 {[%emt 0:03:31]} fxg4 {[%emt 0:00:24]} (20... hxg4 {KD3.2}) 21. Be3 {[%emt 0:02:13]} (21. b4 c6 $15 {KD3.2}) 21... Ne7 {[%emt 0:00:14]} 22. Bf2 {[%emt 0:02:01]} Nf5 {[%emt 0:00:27]} (22... a5 $15) (22... c6 $15) 23. Ne3 {[%emt 0:00:36]} Qd7 $11 {[%emt 0:00:36]} (23... Nd6 24. b4 c6 25. Bf1 a6 $15 {KD3.2}) 24. Red1 {[%emt 0:04:17]} Rfd8 {[%emt 0:01:42]} 25. b3 {[%emt 0:04:21]} Rac8 {[%emt 0:03:09]} 26. Nxf5 {[%emt 0:02:35]} Bxf5 {[%emt 0:00:49]} 27. Be3 $11 {[%emt 0:01:23]} Qe7 {[%emt 0:03:11]} 28. a5 {[%emt 0:00:58]} a6 {[%emt 0:00:17]} (28... c6) 29. Rac1 {[%emt 0:01:11]} Qa3 {[%emt 0:00:48]} (29... c6) 30. b4 {[%emt 0:03:58]} Qa4 {[%emt 0:00:14]} 31. Bf1 {[%emt 0:00:16]} Bd7 {[%emt 0:01:25]} (31... Qd7 $11 {considered in pm analysis} 32. b5 Qxb5 33. Qxb5 axb5 34. Bxb5 Ra8 35. Ra1 c6 (35... Ra7 36. a6 bxa6 37. Ra5 Rd6 38. Rda1 Rb6 $11 {KD3.2}) 36. Be2 Kf7 37. Kf2 Bf6 $11 {KD3.2}) (31... Be6 $11) (31... Bf8 $11) 32. Qb2 {[%emt 0:00:36]} Qc6 {[%emt 0:00:25]} (32... Be6 33. Ra1 Qd7 $11) 33. c4 $16 {[%emt 0:01:39]} Be6 {[%emt 0:00:40]} 34. b5 {[%emt 0:00:56]} (34. cxd5 Qxd5 35. Rc5 Qb3 36. Qxb3 Bxb3 37. Rdc1 Bxd4 38. Bxd4 Rxd4 39. Rxh5 $16 (39. Rxc7 Rxc7 40. Rxc7 Rd1 41. Kf2 e3+ 42. Ke2 Rb1 43. Bg2 Rb2+ 44. Kf1 Ba4 $11 {KD3.2})) 34... axb5 {[%emt 0:00:54]} (34... Qd7 35. bxa6 bxa6 36. f5 Bf7 37. Qf2 Rf8 38. f6 Bg6 39. Bg5 Rce8 40. Qe3 Bxf6 41. cxd5 $16 {KD3.2}) 35. cxb5 {[%emt 0:00:07]} Qd7 {[%emt 0:00:36]} 36. Qa3 {[%emt 0:07:21]} (36. Rc3 Bf8 37. a6 Bd6 38. Rdc1 Ra8 39. b6 cxb6 40. Bb5 Qe7 41. axb7 Qxb7 42. Bc6 $18 {KD3.2}) 36... Bf8 {[%emt 0:02:10]} 37. Qa1 {[%emt 0:04:11]} (37. Qb3) 37... c6 $2 {[%emt 0:01:26]} (37... Ra8 38. a6 Ra7 39. Rc2 $16 {KD3.2}) 38. bxc6 {[%emt 0:02:43]} Rxc6 $2 {[%emt 0:00:07]} (38... bxc6 39. a6 Rb8 40. Rc3 Bd6 41. Rb1 $18) 39. Bb5 {[%emt 0:06:59]} Rxc1 {[%emt 0:00:12]} 40. Bxd7 {[%emt 0:00:00]} Rxd1+ {[%emt 0:00:00]} (40... Rxa1 41. Bxe6+ {missed earlier}) 41. Qxd1 {[%emt 0:00:00]} Bxd7 $18 {[%emt 0:00:00]} 42. Qb3 {[%emt 0:00:00]} Bc6 {[%emt 0:00:00]} 43. Bf2 {[%emt 0:00:00]} (43. Qb6 Ra8 44. f5 $18) 43... Ra8 {[%emt 0:00:00]} 44. Be1 {[%emt 0:00:00]} (44. Qb6) 44... Bg7 {[%emt 0:00:00]} 45. Bc3 {[%emt 0:00:00]} Ra6 {[%emt 0:00:00]} 46. Qb2 {[%emt 0:00:00]} (46. Kf2) 46... Kf7 {[%emt 0:00:00]} 47. f5 {[%emt 0:00:00]} (47. Qa3 Ke6 48. f5+ Kxf5 49. Qe7 $18 {KD3.2}) 47... Bh6 {[%emt 0:00:00]} (47... e3 48. Qa3 e2 49. Kf2 Bb5 50. Qb4 Bc4 51. Qxb7+ Kg8 52. Qc8+ Kh7 53. Qe8 $18 {KD3.2}) 48. Qa3 {[%emt 0:00:00]} Bf8 {[%emt 0:00:00]} 49. Qc1 {[%emt 0:00:00]} (49. Bb4 Bh6 50. Qc3) 49... Bb5 {[%emt 0:00:00]} 50. Qg5 {[%emt 0:00:00]} Be2 {[%emt 0:00:00]} 51. Qxh5+ {[%emt 0:00:00]} Kg8 {[%emt 0:00:00]} 52. Qg5+ {[%emt 0:00:00]} (52. Qe8) 52... Kf7 {[%emt 0:00:00]} 53. Qd8 {[%emt 0:00:00]} Bd6 {[%emt 0:00:00]} (53... Bc4) 54. Qd7+ {[%emt 0:00:00]} Kf8 {[%emt 0:00:00]} 55. f6 {[%emt 0:02:28]} Bxg3 {[%emt 0:00:00]} 56. Qg7+ {[%emt 0:01:06]} Ke8 {[%emt 0:00:00]} 57. Qe7# {[%emt 0:00:09]} 1-0

[Event "European Senior Team Chess Championship"]
[Site "Swidnica"]
[Date "2023.07.12"]
[Round "1.22"]
[White "Roos, Louis"]
[Black "Higgie, Charles L"]
[Result "1-0"]
[WhiteElo "2255"]
[BlackElo "1924"]
[PlyCount "85"]
[EventDate "2023.??.??"]

1. Nf3 Nf6 2. c4 c5 3. Nc3 Nc6 4. g3 g6 5. Bg2 Bg7 6. O-O O-O 7. d3 d6 8. a3 a6 9. Rb1 Rb8 10. b4 Nd7 11. b5 Bxc3 12. bxc6 Nf6 13. Bh6 Re8 14. Rb3 Ba5 15. Bd2 b5 16. Qc2 Be6 17. Rfb1 Bxd2 18. Qxd2 Qc7 19. Ng5 bxc4 20. Nxe6 fxe6 21. Rb7 Rxb7 22. Rxb7 Qd8 23. dxc4 d5 24. Bh3 Qd6 25. cxd5 Nxd5 26. e4 Qxc6 27. exd5 Qxb7 28. Bxe6+ Kg7 29. Qc3+ Kh6 30. Qc1+ Kg7 31. Qc3+ Kh6 32. Qe3+ Kg7 33. Qe5+ Kh6 34. Qf4+ Kg7 35. Qf7+ Kh6 36. Qxe8 Qb1+ 37. Kg2 Qe4+ 38. Kh3 c4 39. Qf8+ Kh5 40. Qxe7 Kh6 41. Qf8+ Kh5 42. g4+ Kg5 43. f4+ 1-0

[Event "European Senior Team Chess Championship"]
[Site "Swidnica"]
[Date "2023.07.14"]
[Round "3.26"]
[White "Higgie, Charles L"]
[Black "Quinn, John M"]
[Result "1/2-1/2"]
[WhiteElo "1924"]
[BlackElo "2061"]
[Annotator "Kemenade"]
[PlyCount "51"]
[EventDate "2023.??.??"]

1. d4 Nf6 2. c4 g6 3. Nc3 Bg7 4. e4 d6 5. f3 O-O 6. Be3 c5 7. Nge2 Nc6 8. d5 Ne5 9. Ng3 h5 10. Bg5 a6 11. h3 b5 12. cxb5 axb5 13. Bxb5 Ba6 14. O-O Qb6 15. a4 c4+ 16. Kh2 Nd3 17. Qd2 Rfc8 18. Be3 Qa5 19. Nge2 Bxb5 20. axb5 Qb4 21. Rxa8 (21. Nd4 Re8 22. Nc6 Qxb2 23. Qxb2 Nxb2 24. b6 $1) 21... Rxa8 22. Rb1 Nc5 23. Nd4 Nb3 24. Qf2 Nxd4 25. Bxd4 Nd7 26. Bxg7 1/2-1/2